[Event "CAN-op"]
[Site "Winnipeg CAN"]
[Date "1997.07.12"]
[Round "1"]
[White "Gottlieb, Jonathan"]
[Black "Psakhis, Lev"]
[Result "0-1"]
[WhiteElo "2036"]
[BlackElo "2611"]
[PlyCount "58"]
[GameId "2160767911932515"]
[EventDate "1997.07.12"]
[EventType "swiss"]
[EventRounds "10"]
[EventCountry "CAN"]
[SourceTitle "EXP 60"]
[Source "ChessBase"]
[SourceDate "1997.11.24"]
[SourceVersion "1"]
[SourceVersionDate "1997.11.24"]
[SourceQuality "1"]

1. e4 c5 2. Nf3 e6 3. d4 cxd4 4. Nxd4 a6 5. Nc3 d6 6. Be3 b5 7. f3 Bb7 8. Qd2 Nd7 9. O-O-O Ngf6 10. g4 Nb6 11. h4 Rc8 12. a3 Nfd7 13. Bg5 Be7 14. Ndxb5 axb5 15. Nxb5 d5 16. Nd6+ Bxd6 17. Bxd8 Rxd8 18. Bb5 O-O 19. f4 Nc5 20. e5 Ne4 21. Qh2 Bc5 22. f5 Ra8 23. Qf4 Rxa3 24. bxa3 Bxa3+ 25. Kb1 Nc3+ 26. Ka1 Ra8 27. Ba4 Nbxa4 28. Rb1 Bb2+ 29. Rxb2 Nc5+ 0-1

[Event "CAN-op"]
[Site "Winnipeg CAN"]
[Date "1997.07.12"]
[Round "1"]
[White "Haessel, Dale"]
[Black "Piper, Ron"]
[Result "1-0"]
[WhiteElo "2292"]
[BlackElo "1956"]
[PlyCount "107"]
[GameId "2160767911932516"]
[EventDate "1997.07.12"]
[EventType "swiss"]
[EventRounds "10"]
[EventCountry "CAN"]
[SourceTitle "EXP 60"]
[Source "ChessBase"]
[SourceDate "1997.11.24"]
[SourceVersion "1"]
[SourceVersionDate "1997.11.24"]
[SourceQuality "1"]

1. e4 g6 2. d4 Bg7 3. Nc3 d6 4. Nge2 Nf6 5. g3 Nc6 6. d5 Nb8 7. Bg2 c5 8. O-O O-O 9. f4 Nbd7 10. h3 Rb8 11. a4 a6 12. Qd3 Qc7 13. Be3 Kh8 14. g4 c4 15. Qd2 Nc5 16. Nd4 Bd7 17. a5 b5 18. axb6 Rxb6 19. e5 Ng8 20. e6 Be8 21. Ra2 f5 22. g5 Qb7 23. Rb1 Rb4 24. Nde2 Na4 25. Nxa4 Bxa4 26. c3 Bb3 27. Ra3 Ra4 28. Rxa4 Bxa4 29. Bd4 h6 30. h4 h5 31. Bf3 Rb8 32. Bxg7+ Kxg7 33. Qd4+ Kh7 34. Qxc4 Bc2 35. Rc1 Qxb2 36. Qxa6 Be4 37. Bxe4 fxe4 38. Qc4 Qb6+ 39. Qd4 Qa6 40. Qxe4 Rb2 41. Rc2 Qa1+ 42. Kh2 Qb1 43. Nd4 Ra2 44. f5 Ra1 45. fxg6+ Kh8 46. Ne2 Kg7 47. Ng3 Qg1+ 48. Kh3 Qd1 49. Rf2 Qg4+ 50. Qxg4 hxg4+ 51. Kxg4 Kxg6 52. Rf7 Ra4+ 53. Kh3 Ra8 54. Ne2 1-0

[Event "CAN-op"]
[Site "Winnipeg CAN"]
[Date "1997.07.12"]
[Round "1"]
[White "Hellsten, Ole"]
[Black "Spraggett, Kevin"]
[Result "0-1"]
[WhiteElo "2041"]
[BlackElo "2617"]
[PlyCount "68"]
[GameId "2160767911932517"]
[EventDate "1997.07.12"]
[EventType "swiss"]
[EventRounds "10"]
[EventCountry "CAN"]
[SourceTitle "EXP 60"]
[Source "ChessBase"]
[SourceDate "1997.11.24"]
[SourceVersion "1"]
[SourceVersionDate "1997.11.24"]
[SourceQuality "1"]

1. d4 Nf6 2. c4 e6 3. Nf3 c5 4. d5 exd5 5. cxd5 d6 6. Nc3 g6 7. e4 a6 8. a4 Bg4 9. Be2 Bxf3 10. Bxf3 Nbd7 11. Bf4 Qb8 12. Be2 Bg7 13. O-O O-O 14. Qc2 Re8 15. Bg3 Qc7 16. f4 c4 17. Rad1 b5 18. axb5 axb5 19. e5 dxe5 20. d6 Qc5+ 21. Kh1 e4 22. Bf2 e3 23. Bg1 b4 24. Nb1 Rac8 25. Bf3 c3 26. bxc3 bxc3 27. Rd3 Qf5 28. Qe2 c2 29. Nc3 h5 30. Na2 Qxf4 31. Nc1 Bh6 32. Re1 Nc5 33. Ra3 Qb4 34. Qd2 Qxd2 0-1

[Event "CAN-op"]
[Site "Winnipeg CAN"]
[Date "1997.07.12"]
[Round "1"]
[White "Henson, Joshua"]
[Black "Castaneda, Nelson"]
[Result "0-1"]
[WhiteElo "1969"]
[BlackElo "2382"]
[PlyCount "72"]
[GameId "2160767911932518"]
[EventDate "1997.07.12"]
[EventType "swiss"]
[EventRounds "10"]
[EventCountry "CAN"]
[SourceTitle "EXP 60"]
[Source "ChessBase"]
[SourceDate "1997.11.24"]
[SourceVersion "1"]
[SourceVersionDate "1997.11.24"]
[SourceQuality "1"]

1. e4 c5 2. Nf3 Nc6 3. Bb5 g6 4. O-O Bg7 5. c3 Nf6 6. Re1 O-O 7. h3 Qb6 8. Na3 d6 9. d3 Nd7 10. Ba4 a6 11. Nc4 Qc7 12. Bb3 b5 13. Ne3 e6 14. Ng4 Nb6 15. Bh6 f5 16. exf5 gxf5 17. Bxg7 Qxg7 18. Ne3 Kh8 19. Nf1 Rg8 20. g3 Qh6 21. Qd2 f4 22. Re4 Rf8 23. Rae1 e5 24. d4 Qxh3 25. Ng5 Qh5 26. Nf7+ Rxf7 27. Bxf7 Qxf7 28. dxc5 Nc4 29. Rxc4 bxc4 30. cxd6 Bd7 31. Qc2 Rg8 32. Rd1 Bg4 33. Rd2 Bf3 34. Nh2 fxg3 35. Nxf3 Qxf3 36. fxg3 Rxg3+ 0-1

[Event "CAN-op"]
[Site "Winnipeg CAN"]
[Date "1997.07.12"]
[Round "1"]
[White "Hjartarson, Johann"]
[Black "Ottosen, David"]
[Result "1-0"]
[WhiteElo "2585"]
[BlackElo "2040"]
[PlyCount "55"]
[GameId "2160767911932520"]
[EventDate "1997.07.12"]
[EventType "swiss"]
[EventRounds "10"]
[EventCountry "CAN"]
[SourceTitle "EXP 60"]
[Source "ChessBase"]
[SourceDate "1997.11.24"]
[SourceVersion "1"]
[SourceVersionDate "1997.11.24"]
[SourceQuality "1"]

1. c4 c6 2. e4 d5 3. exd5 cxd5 4. cxd5 Qxd5 5. Nc3 Qd8 6. d4 Nf6 7. Nf3 g6 8. Bc4 Bg7 9. O-O O-O 10. h3 Nbd7 11. Re1 Nb6 12. Bb3 h6 13. Bf4 Bd7 14. Qd2 Kh7 15. Rad1 Rc8 16. d5 Nc4 17. Qe2 Nh5 18. Bxh6 Bxh6 19. Bxc4 Nf4 20. Qf1 Nxg2 21. Kxg2 Bxh3+ 22. Kxh3 Bf4 23. Kg2 Qd7 24. Qh1+ Kg7 25. Qh3 Qc7 26. Rd4 Rh8 27. Qg4 Bh2 28. Nb5 1-0

[Event "CAN-op"]
[Site "Winnipeg CAN"]
[Date "1997.07.12"]
[Round "1"]
[White "Hodgson, Julian"]
[Black "Fairbairn, Stephen"]
[Result "1-0"]
[WhiteElo "2586"]
[BlackElo "2038"]
[PlyCount "81"]
[GameId "2160767911932521"]
[EventDate "1997.07.12"]
[EventType "swiss"]
[EventRounds "10"]
[EventCountry "CAN"]
[SourceTitle "EXP 60"]
[Source "ChessBase"]
[SourceDate "1997.11.24"]
[SourceVersion "1"]
[SourceVersionDate "1997.11.24"]
[SourceQuality "1"]

1. d4 d5 2. Bg5 g6 3. e3 Bg7 4. c4 Nf6 5. Nc3 Ne4 6. Bf4 Nxc3 7. bxc3 c5 8. cxd5 cxd4 9. Bb5+ Bd7 10. Bxd7+ Nxd7 11. cxd4 Qa5+ 12. Qd2 Qxd5 13. Nf3 O-O 14. Rb1 b6 15. a4 Qc4 16. Rb4 Qa6 17. Qe2 Qxe2+ 18. Kxe2 Rac8 19. Rd1 e6 20. e4 Nf6 21. Kd3 Rfd8 22. Bg5 Ng4 23. Rd2 Rd7 24. Rc4 Rdc7 25. Rxc7 Rxc7 26. Rb2 f6 27. Bh4 Kf7 28. h3 Nh6 29. Bg3 Rd7 30. Kc4 Ng8 31. Kb5 Ne7 32. Rc2 Ke8 33. Ka6 f5 34. exf5 exf5 35. Bb8 Bxd4 36. Bxa7 Bc5 37. a5 Rxa7+ 38. Kxa7 Nc6+ 39. Ka6 Nb4+ 40. Kb5 Nxc2 41. a6 1-0

[Event "CAN-op"]
[Site "Winnipeg CAN"]
[Date "1997.07.12"]
[Round "1"]
[White "Knapper, Brian"]
[Black "Gentes, Kevin"]
[Result "0-1"]
[WhiteElo "1989"]
[BlackElo "2385"]
[PlyCount "50"]
[GameId "2160767911932522"]
[EventDate "1997.07.12"]
[EventType "swiss"]
[EventRounds "10"]
[EventCountry "CAN"]
[SourceTitle "EXP 60"]
[Source "ChessBase"]
[SourceDate "1997.11.24"]
[SourceVersion "1"]
[SourceVersionDate "1997.11.24"]
[SourceQuality "1"]

1. e4 c5 2. d4 cxd4 3. c3 Nf6 4. e5 Nd5 5. Qxd4 e6 6. Nf3 Nc6 7. Qe4 d6 8. exd6 Bxd6 9. Bb5 O-O 10. Bg5 Qc7 11. Bd3 f5 12. Qh4 h6 13. Bd2 Nf4 14. Bxf4 Bxf4 15. O-O Bd7 16. Na3 a6 17. Nc2 Rf6 18. Nfd4 g5 19. Qh5 Ne5 20. Qe2 Bxh2+ 21. Kh1 Bf4 22. Ne3 Qd8 23. Bc2 g4 24. g3 Qe8 25. Kg2 Bc6+ 0-1

[Event "CAN-op"]
[Site "Winnipeg CAN"]
[Date "1997.07.12"]
[Round "1"]
[White "Kollar, Frank"]
[Black "Barg, Andrew"]
[Result "1-0"]
[WhiteElo "2157"]
[BlackElo "1878"]
[PlyCount "71"]
[GameId "2160767911932523"]
[EventDate "1997.07.12"]
[EventType "swiss"]
[EventRounds "10"]
[EventCountry "CAN"]
[SourceTitle "EXP 60"]
[Source "ChessBase"]
[SourceDate "1997.11.24"]
[SourceVersion "1"]
[SourceVersionDate "1997.11.24"]
[SourceQuality "1"]

1. e4 d5 2. exd5 Qxd5 3. Nc3 Qa5 4. d4 Nf6 5. Bc4 g6 6. Nf3 Bg7 7. O-O c6 8. Re1 Bf5 9. Bf4 Qd8 10. Qe2 e6 11. Rad1 O-O 12. Ne5 Nd5 13. Bxd5 exd5 14. h3 Re8 15. Qd2 Nd7 16. Nf3 Nf6 17. Rxe8+ Qxe8 18. Be5 Qd7 19. Re1 Re8 20. Qg5 h6 21. Qd2 g5 22. h4 g4 23. Bxf6 Bxf6 24. Ne5 Bxe5 25. dxe5 Qe6 26. Re3 c5 27. Nxd5 Kg7 28. c4 Rd8 29. Qa5 Rxd5 30. cxd5 Qxd5 31. Qc3 Kg6 32. Rg3 Kh5 33. Qb3 Qxe5 34. Qxf7+ Kxh4 35. Re3 Be4 36. Qc4 1-0

[Event "CAN-op"]
[Site "Winnipeg CAN"]
[Date "1997.07.12"]
[Round "1"]
[White "Lipnowski, Irwin"]
[Black "Schulz, Manfred"]
[Result "1-0"]
[WhiteElo "2382"]
[BlackElo "1978"]
[PlyCount "67"]
[GameId "2160767911932524"]
[EventDate "1997.07.12"]
[EventType "swiss"]
[EventRounds "10"]
[EventCountry "CAN"]
[SourceTitle "EXP 60"]
[Source "ChessBase"]
[SourceDate "1997.11.24"]
[SourceVersion "1"]
[SourceVersionDate "1997.11.24"]
[SourceQuality "1"]

1. c4 c6 2. Nf3 d5 3. e3 Nf6 4. b3 Bf5 5. Bb2 e6 6. Nc3 h6 7. Be2 Be7 8. O-O O-O 9. d4 Nbd7 10. Bd3 Bxd3 11. Qxd3 a5 12. Rad1 Qc7 13. e4 dxe4 14. Nxe4 Nxe4 15. Qxe4 Nf6 16. Qc2 a4 17. Ne5 axb3 18. axb3 Ra6 19. Rd3 Rfa8 20. Rg3 Ba3 21. Bc3 Bd6 22. Re1 Ra2 23. Qc1 Kf8 24. Rf3 Qe7 25. Rxf6 Bxe5 26. dxe5 gxf6 27. Qxh6+ Ke8 28. exf6 Qc5 29. Qh4 Rd8 30. Qh8+ Qf8 31. Qh5 Rd3 32. Rxe6+ Kd8 33. Re7 Ra7 34. Ba5+ 1-0

[Event "CAN-op"]
[Site "Winnipeg CAN"]
[Date "1997.07.12"]
[Round "1"]
[White "Lombardi, Julian"]
[Black "Gannon, Keith"]
[Result "1/2-1/2"]
[WhiteElo "1668"]
[BlackElo "1667"]
[PlyCount "91"]
[GameId "2160767911932525"]
[EventDate "1997.07.12"]
[EventType "swiss"]
[EventRounds "10"]
[EventCountry "CAN"]
[SourceTitle "EXP 60"]
[Source "ChessBase"]
[SourceDate "1997.11.24"]
[SourceVersion "1"]
[SourceVersionDate "1997.11.24"]
[SourceQuality "1"]

1. c4 c5 2. Nc3 e5 3. Nf3 Nc6 4. d3 Nf6 5. g3 Be7 6. Bg2 O-O 7. O-O Re8 8. Re1 d6 9. Bg5 Be6 10. b3 d5 11. e3 dxc4 12. dxc4 Qxd1 13. Rexd1 Rad8 14. Nd2 Rc8 15. Bxf6 Bxf6 16. Nde4 Be7 17. Rd2 Red8 18. Rad1 f5 19. Nd6 Bxd6 20. Rxd6 Rxd6 21. Rxd6 Bf7 22. Bd5 Rd8 23. Rxd8+ Nxd8 24. Bxf7+ Kxf7 25. Nd5 Nc6 26. f3 g6 27. Kf2 a6 28. Nc3 Nd8 29. h4 Ne6 30. f4 exf4 31. exf4 h6 32. Na4 b5 33. cxb5 axb5 34. Nc3 b4 35. Nd5 Nd4 36. Ke3 Ke6 37. Nxb4 Nb5 38. Na6 Kd5 39. Kd3 Nd6 40. Nc7+ Kc6 41. Ne6 Ne4 42. Kc4 Nd2+ 43. Kd3 Nf1 44. Kc4 Nd2+ 45. Kd3 Nf1 46. Kc4 1/2-1/2

[Event "CAN-op"]
[Site "Winnipeg CAN"]
[Date "1997.07.12"]
[Round "1"]
[White "Murey, Jacob"]
[Black "Wong, Ford"]
[Result "1-0"]
[WhiteElo "2440"]
[BlackElo "2007"]
[PlyCount "59"]
[GameId "2160767911932526"]
[EventDate "1997.07.12"]
[EventType "swiss"]
[EventRounds "10"]
[EventCountry "CAN"]
[SourceTitle "EXP 60"]
[Source "ChessBase"]
[SourceDate "1997.11.24"]
[SourceVersion "1"]
[SourceVersionDate "1997.11.24"]
[SourceQuality "1"]

1. c4 Nf6 2. Nc3 g6 3. e4 d6 4. d4 Bg7 5. f3 O-O 6. Be3 Nc6 7. Nge2 Rb8 8. Qd2 a6 9. h4 h5 10. Nd5 e6 11. Nxf6+ Bxf6 12. Bg5 Bxg5 13. hxg5 e5 14. d5 Nd4 15. Nxd4 exd4 16. g4 Qe7 17. gxh5 Qe5 18. O-O-O c5 19. Bd3 Kg7 20. f4 Qe8 21. hxg6 fxg6 22. Rh6 Bg4 23. Rdh1 Bh5 24. e5 dxe5 25. f5 e4 26. f6+ Kg8 27. R1xh5 gxh5 28. g6 Rxf6 29. Rh8+ Kxh8 30. Qh6+ 1-0

[Event "CAN-op"]
[Site "Winnipeg CAN"]
[Date "1997.07.12"]
[Round "1"]
[White "Nikouline, Alexandre"]
[Black "Stefansson, Hannes"]
[Result "0-1"]
[WhiteElo "2028"]
[BlackElo "2545"]
[PlyCount "70"]
[GameId "2160767911932527"]
[EventDate "1997.07.12"]
[EventType "swiss"]
[EventRounds "10"]
[EventCountry "CAN"]
[SourceTitle "EXP 60"]
[Source "ChessBase"]
[SourceDate "1997.11.24"]
[SourceVersion "1"]
[SourceVersionDate "1997.11.24"]
[SourceQuality "1"]

1. e4 c5 2. Nf3 d6 3. d4 cxd4 4. Nxd4 Nf6 5. Nc3 Nc6 6. Bc4 Qb6 7. Nxc6 bxc6 8. O-O e6 9. Qf3 Be7 10. Qg3 O-O 11. Bh6 Nh5 12. Qg4 Qxb2 13. Bd2 Nf6 14. Qe2 Qb6 15. Rab1 Qc7 16. Rb3 d5 17. Bd3 g6 18. e5 Nd7 19. Bh6 Re8 20. f4 Nc5 21. Rbb1 f5 22. exf6 Bxf6 23. f5 Nxd3 24. fxg6 Bd4+ 25. Be3 Qe5 26. gxh7+ Kh8 27. Rf3 Bxe3+ 28. Rxe3 Qxc3 29. Rxd3 Ba6 30. Rxc3 Bxe2 31. Rxc6 Rac8 32. Rxc8 Rxc8 33. Re1 Rxc2 34. Kf2 Bd3+ 35. Kg3 Be4 0-1

[Event "CAN-op"]
[Site "Winnipeg CAN"]
[Date "1997.07.12"]
[Round "1"]
[White "Panken, Richard"]
[Black "Sasikiran, Krishnan"]
[Result "0-1"]
[WhiteElo "2140"]
[BlackElo "2430"]
[PlyCount "80"]
[GameId "2160767911932529"]
[EventDate "1997.07.12"]
[EventType "swiss"]
[EventRounds "10"]
[EventCountry "CAN"]
[SourceTitle "EXP 60"]
[Source "ChessBase"]
[SourceDate "1997.11.24"]
[SourceVersion "1"]
[SourceVersionDate "1997.11.24"]
[SourceQuality "1"]

1. e4 e5 2. Nf3 Nc6 3. Bb5 a6 4. Bxc6 dxc6 5. O-O f6 6. d4 exd4 7. Nxd4 c5 8. Nb3 Qxd1 9. Rxd1 Bd7 10. Bf4 O-O-O 11. Nc3 Re8 12. Rd2 c4 13. Nd4 Bb4 14. Nde2 Ne7 15. Rad1 Bc6 16. f3 f5 17. exf5 Nxf5 18. Ng3 Nh4 19. Kf1 Rhf8 20. Nge2 g5 21. Bxg5 Bxf3 22. gxf3 Nxf3 23. Rd8+ Rxd8 24. Rxd8+ Rxd8 25. Bxd8 Kxd8 26. h3 Bxc3 27. bxc3 Ke7 28. Kf2 Nd2 29. Ke3 Nb1 30. Ke4 Na3 31. Nd4 c5 32. Nf5+ Ke6 33. Ne3 Nb5 34. Nd1 a5 35. a4 Nd6+ 36. Kf4 b5 37. axb5 a4 38. Ne3 a3 39. b6 a2 40. Nxc4 a1=Q 0-1

[Event "CAN-op"]
[Site "Winnipeg CAN"]
[Date "1997.07.12"]
[Round "1"]
[White "Quiring, John"]
[Black "Gardner, Robert"]
[Result "0-1"]
[WhiteElo "1959"]
[BlackElo "2305"]
[PlyCount "80"]
[GameId "2160767911932530"]
[EventDate "1997.07.12"]
[EventType "swiss"]
[EventRounds "10"]
[EventCountry "CAN"]
[SourceTitle "EXP 60"]
[Source "ChessBase"]
[SourceDate "1997.11.24"]
[SourceVersion "1"]
[SourceVersionDate "1997.11.24"]
[SourceQuality "1"]

1. e4 c5 2. Nc3 Nc6 3. f4 g6 4. Nf3 Bg7 5. Bc4 e6 6. O-O Nge7 7. Qe1 Nb4 8. Bb3 c4 9. a3 cxb3 10. axb4 bxc2 11. f5 gxf5 12. d3 Qb6+ 13. Kh1 Qxb4 14. Ra4 Bxc3 15. Rxb4 Bxe1 16. Nxe1 fxe4 17. Rxe4 b5 18. Nxc2 Bb7 19. Re5 a6 20. Kg1 Rc8 21. Ne3 f5 22. Bd2 Ng6 23. Nxf5 Nxe5 24. Nd6+ Ke7 25. Bb4 Kd8 26. Ba5+ Ke7 27. Bb4 Rc2 28. Nxb7+ Ke8 29. Nd6+ Kd8 30. d4 Rg8 31. g3 Nc6 32. Bc5 Kc7 33. b4 Nxd4 34. Ra1 Nf3+ 35. Kf1 Nxh2+ 36. Ke1 Nf3+ 37. Kd1 Rd2+ 38. Kc1 Rxd6 39. Bxd6+ Kxd6 40. Rxa6+ Kd5 0-1

[Event "CAN-op"]
[Site "Winnipeg CAN"]
[Date "1997.07.12"]
[Round "1"]
[White "Sasata, Robert"]
[Black "Wu, Douglas"]
[Result "1-0"]
[WhiteElo "2317"]
[BlackElo "1961"]
[PlyCount "59"]
[GameId "2160767911932531"]
[EventDate "1997.07.12"]
[EventType "swiss"]
[EventRounds "10"]
[EventCountry "CAN"]
[SourceTitle "EXP 60"]
[Source "ChessBase"]
[SourceDate "1997.11.24"]
[SourceVersion "1"]
[SourceVersionDate "1997.11.24"]
[SourceQuality "1"]

1. d4 Nf6 2. c4 g6 3. Nc3 d6 4. e4 Bg7 5. f3 O-O 6. Bg5 c5 7. d5 Nbd7 8. Nh3 Ne5 9. Nf2 a6 10. a4 Qa5 11. Ra3 Rb8 12. Be2 h6 13. Be3 g5 14. O-O Ng6 15. Qd2 Bd7 16. g3 Rbd8 17. f4 gxf4 18. gxf4 Kh7 19. Kh1 Qc7 20. Rg1 Rg8 21. f5 Ne5 22. Rg3 Rh8 23. Ra1 Ng8 24. Rag1 Bf8 25. Nh3 Nf6 26. Bxh6 Bxh6 27. Ng5+ Kg8 28. Ne6+ Neg4 29. Rxg4+ Nxg4 30. Rxg4+ 1-0

[Event "CAN-op"]
[Site "Winnipeg CAN"]
[Date "1997.07.12"]
[Round "1"]
[White "Shabalov, Alexander"]
[Black "Huczek, George"]
[Result "1-0"]
[WhiteElo "2618"]
[BlackElo "2052"]
[PlyCount "51"]
[GameId "2160767911932532"]
[EventDate "1997.07.12"]
[EventType "swiss"]
[EventRounds "10"]
[EventCountry "CAN"]
[SourceTitle "EXP 60"]
[Source "ChessBase"]
[SourceDate "1997.11.24"]
[SourceVersion "1"]
[SourceVersionDate "1997.11.24"]
[SourceQuality "1"]

1. d4 Nf6 2. c4 g6 3. Nc3 Bg7 4. e4 d6 5. Nf3 O-O 6. h3 Nbd7 7. Bg5 e5 8. d5 h6 9. Be3 Nh7 10. g4 f5 11. gxf5 gxf5 12. exf5 Rxf5 13. Rg1 Kh8 14. Bd3 Rf7 15. Ne4 Ndf6 16. Nh4 Nf8 17. Nxf6 Qxf6 18. Qh5 e4 19. Bxe4 Qxb2 20. Rb1 Qc3+ 21. Kd1 Qf6 22. Ng6+ Nxg6 23. Rxg6 Qe5 24. Qxe5 dxe5 25. Ke2 h5 26. Rg5 1-0

[Event "CAN-op"]
[Site "Winnipeg CAN"]
[Date "1997.07.12"]
[Round "1"]
[White "Taylor, Gordon"]
[Black "Cabanas, Francisco"]
[Result "1-0"]
[WhiteElo "2394"]
[BlackElo "1991"]
[PlyCount "59"]
[GameId "2160767911932534"]
[EventDate "1997.07.12"]
[EventType "swiss"]
[EventRounds "10"]
[EventCountry "CAN"]
[SourceTitle "EXP 60"]
[Source "ChessBase"]
[SourceDate "1997.11.24"]
[SourceVersion "1"]
[SourceVersionDate "1997.11.24"]
[SourceQuality "1"]

1. d4 Nf6 2. c4 e6 3. g3 d5 4. Bg2 dxc4 5. Nf3 Nbd7 6. Nbd2 Nb6 7. Nxc4 c5 8. Nxb6 Qxb6 9. O-O cxd4 10. Nxd4 Be7 11. a4 e5 12. Nb5 Bc5 13. b4 Bxb4 14. Be3 Qd8 15. Qxd8+ Kxd8 16. Bxa7 e4 17. Rfd1+ Bd7 18. Bd4 Re8 19. Bb6+ Ke7 20. Rab1 Ba5 21. Bc5+ Kd8 22. Nd6 Bxa4 23. Nxb7+ Kc7 24. Bd6+ Kc8 25. Bh3+ Re6 26. Rd4 Bc6 27. Nc5 Bc3 28. Rc4 Ra1 29. Rxa1 Bxa1 30. Nxe6 1-0

[Event "CAN-op"]
[Site "Winnipeg CAN"]
[Date "1997.07.12"]
[Round "1"]
[White "Tomaras, Ioannis"]
[Black "Aguilar, Andres"]
[Result "1-0"]
[WhiteElo "1667"]
[BlackElo "1203"]
[PlyCount "57"]
[GameId "2160767911932535"]
[EventDate "1997.07.12"]
[EventType "swiss"]
[EventRounds "10"]
[EventCountry "CAN"]
[SourceTitle "EXP 60"]
[Source "ChessBase"]
[SourceDate "1997.11.24"]
[SourceVersion "1"]
[SourceVersionDate "1997.11.24"]
[SourceQuality "1"]

1. e4 e5 2. Nf3 Nc6 3. Bc4 Nf6 4. d4 d6 5. dxe5 dxe5 6. Qxd8+ Nxd8 7. Nxe5 Nxe4 8. O-O Be7 9. Re1 Ng5 10. Bxg5 Bxg5 11. Nxf7+ Be6 12. Nxg5 h6 13. Nxe6 Nxe6 14. Rxe6+ Kd7 15. Nc3 Rae8 16. Rd1+ Kc8 17. Ne4 Rxe6 18. Bxe6+ Kb8 19. Nc5 b6 20. Nd7+ Kb7 21. f4 g6 22. Bf7 Rh7 23. Bxg6 Re7 24. f5 Kc8 25. f6 Rxd7 26. Bf5 Kb7 27. Rxd7 h5 28. f7 b5 29. f8=Q 1-0

[Event "CAN-op"]
[Site "Winnipeg CAN"]
[Date "1997.07.12"]
[Round "1"]
[White "Vera, Reynaldo"]
[Black "Hassain, Mahmud"]
[Result "1-0"]
[WhiteElo "2536"]
[BlackElo "2012"]
[PlyCount "45"]
[GameId "2160767911932536"]
[EventDate "1997.07.12"]
[EventType "swiss"]
[EventRounds "10"]
[EventCountry "CAN"]
[SourceTitle "EXP 60"]
[Source "ChessBase"]
[SourceDate "1997.11.24"]
[SourceVersion "1"]
[SourceVersionDate "1997.11.24"]
[SourceQuality "1"]

1. d4 Nf6 2. c4 g6 3. Nc3 d5 4. cxd5 Nxd5 5. e4 Nxc3 6. bxc3 Bg7 7. Nf3 c5 8. Rb1 O-O 9. Be2 Qa5 10. O-O a6 11. Bg5 Qc7 12. Qd2 Nc6 13. d5 Ne5 14. Nxe5 Bxe5 15. f4 Bg7 16. c4 Rb8 17. a4 Rd8 18. a5 f6 19. Bh4 Be6 20. f5 Bf7 21. Bg3 Qd7 22. Bxb8 Rxb8 23. Rb6 1-0

[Event "CAN-op"]
[Site "Winnipeg CAN"]
[Date "1997.07.12"]
[Round "1"]
[White "Wu, Adam"]
[Black "Smirin, Ilia"]
[Result "0-1"]
[WhiteElo "2040"]
[BlackElo "2626"]
[PlyCount "100"]
[GameId "2160767911932537"]
[EventDate "1997.07.12"]
[EventType "swiss"]
[EventRounds "10"]
[EventCountry "CAN"]
[SourceTitle "EXP 60"]
[Source "ChessBase"]
[SourceDate "1997.11.24"]
[SourceVersion "1"]
[SourceVersionDate "1997.11.24"]
[SourceQuality "1"]

1. e4 c5 2. Nf3 Nc6 3. d4 cxd4 4. Nxd4 e6 5. c4 Nf6 6. Nxc6 bxc6 7. Bd3 d5 8. exd5 cxd5 9. O-O Bd6 10. g3 dxc4 11. Bxc4 O-O 12. Nc3 Bb7 13. Be2 Be5 14. Qxd8 Rfxd8 15. Bg5 h6 16. Bxf6 Bxf6 17. Rfd1 Rdc8 18. Rac1 Rab8 19. Nb5 Ba6 20. Rxc8+ Rxc8 21. Bf1 Bb7 22. Nd6 Rd8 23. Be2 Bc6 24. Nc4 Rxd1+ 25. Bxd1 g5 26. b4 Bc3 27. a3 Kf8 28. Be2 Ke7 29. Kf1 f5 30. f3 Bd4 31. Ke1 h5 32. h3 h4 33. g4 fxg4 34. fxg4 e5 35. Na5 Bd5 36. Bb5 Kd6 37. Nc4+ Ke6 38. Na5 Bg2 39. Bf1 Bxf1 40. Kxf1 Kd5 41. Ke2 Bb2 42. a4 Bc3 43. Nb7 Bxb4 44. Nd8 Be7 45. Nf7 Ke4 46. Nh6 Kf4 47. Nf5 Bc5 48. Kd3 Kf3 49. Ng7 e4+ 50. Kd2 e3+ 0-1

[Event "CAN-op"]
[Site "Winnipeg CAN"]
[Date "1997.07.13"]
[Round "2"]
[White "Aldrich, Don"]
[Black "Lipnowski, Irwin"]
[Result "0-1"]
[WhiteElo "2080"]
[BlackElo "2350"]
[PlyCount "112"]
[GameId "2160767911932539"]
[EventDate "1997.07.12"]
[EventType "swiss"]
[EventRounds "10"]
[EventCountry "CAN"]
[SourceTitle "CBM 060 Extra"]
[Source "ChessBase"]
[SourceDate "1997.11.04"]
[SourceVersion "1"]
[SourceVersionDate "1997.11.04"]
[SourceQuality "1"]

1. e4 c5 2. Nf3 e6 3. Nc3 a6 4. d4 cxd4 5. Nxd4 Qc7 6. Bd3 Nf6 7. Qe2 d6 8. O-O Be7 9. a4 Nc6 10. Nxc6 bxc6 11. Be3 O-O 12. e5 dxe5 13. Ne4 Nxe4 14. Bxe4 f5 15. Bd3 e4 16. Bc4 Qe5 17. g3 Kh8 18. f3 exf3 19. Qxf3 Bc5 20. Rae1 Bxe3+ 21. Rxe3 Qxb2 22. Bxe6 Qxc2 23. Qd1 Qc5 24. Qc1 Qd4 25. Rd1 Qxa4 26. Bd7 Bxd7 27. Rxd7 Rad8 28. Qc5 Qa1+ 29. Kf2 Qf6 30. Ree7 Rxd7 31. Rxd7 f4 32. g4 f3 33. Qb4 Re8 34. Qd6 Re2+ 35. Kg3 Rg2+ 36. Kh3 Qxd6 37. Rxd6 Kg8 38. Rxc6 Ra2 39. Kg3 f2 40. Kg2 h6 41. h3 Kf7 42. Rb6 a5 43. Ra6 a4 44. h4 a3 45. Kf1 Ke7 46. g5 hxg5 47. hxg5 g6 48. Kg2 Kd7 49. Kf1 Kc7 50. Kg2 Kb7 51. Ra4 Kb6 52. Ra8 Kc5 53. Ra5+ Kb4 54. Ra8 Rb2 55. Rb8+ Kc5 56. Ra8 a2 0-1

[Event "CAN-op"]
[Site "Winnipeg CAN"]
[Date "1997.07.13"]
[Round "2"]
[White "Babb, Jeff"]
[Black "Gofshtein, Leonid"]
[Result "0-1"]
[WhiteElo "2120"]
[BlackElo "2545"]
[PlyCount "98"]
[GameId "2160767911932540"]
[EventDate "1997.07.12"]
[EventType "swiss"]
[EventRounds "10"]
[EventCountry "CAN"]
[SourceTitle "CBM 060 Extra"]
[Source "ChessBase"]
[SourceDate "1997.11.04"]
[SourceVersion "1"]
[SourceVersionDate "1997.11.04"]
[SourceQuality "1"]

1. e4 c5 2. Nc3 Nc6 3. g3 g6 4. Bg2 Bg7 5. d3 Rb8 6. Be3 b5 7. Qd2 b4 8. Nd1 d6 9. Ne2 e6 10. O-O h6 11. f4 Nge7 12. g4 f5 13. gxf5 exf5 14. exf5 Bxf5 15. d4 O-O 16. c4 Bg4 17. dxc5 dxc5 18. Qxd8 Rbxd8 19. Re1 Bxe2 20. Rxe2 Nd4 21. Bxd4 Bxd4+ 22. Kh1 Rd7 23. Bh3 Rc7 24. Ne3 Bxe3 25. Rxe3 Rxf4 26. a3 Nc6 27. Rd1 bxa3 28. Be6+ Kg7 29. Rxa3 Nb4 30. b3 Rd4 31. Raa1 Nc2 32. Rac1 Rxd1+ 33. Rxd1 Nd4 34. Bd5 Nxb3 35. Rd3 Nd4 36. Ra3 Nc2 37. Rg3 Re7 38. Kg1 Ne3 39. Kf2 Nxd5 40. cxd5 Rd7 41. Ra3 Rxd5 42. Rxa7+ Kf6 43. Ra6+ Kf5 44. Rc6 Rd2+ 45. Kg3 Rc2 46. h4 h5 47. Rd6 Rc3+ 48. Kg2 Rc4 49. Kh3 Rd4 0-1